000 00734nam a2200289Ia 4500
005 20260324142558.0
008 008 260324s9999 xx 000 0 eng d
020 _a9781315491059
037 _aEBOOK
040 _aCRL
040 _beng
040 _cCRL
041 _2eng
041 _aeng
084 _qCRL
100 _aA. Azodi; M-.T.Boyer- Xambeau
_91212473
245 0 _aPrivate Money and Public Currencies: The Sixteenth Century Challenge
245 4 _bThe Sixteenth Century Challenge
260 _bTaylor and Francis
260 _c1994
365 _a
365 _b290
856 _uhttp://www.taylorfrancis.com/books/9781315491059
942 _cEBOOK
999 _c1816815
_d1816815